Daň z obratu v socialistickej ekonomike kandidátska dizertačná práca

Saved in:
Bibliographic Details
Main Author: Zacharová, Elena
Corporate Author: Vysoká škola ekonomická v Bratislave. Národohospodárska fakulta
Other Authors: Lipták, Juraj
Format: Book
Language:Slovak
Published: Bratislava 1979
Tags: Add Tag
No Tags, Be the first to tag this record!

MARC

LEADER 00000nam a2200000 4500
001 c035021
005 20230116095001.0
041 0 |a slo 
044 |a SK 
245 1 0 |a Daň z obratu v socialistickej ekonomike  |b kandidátska dizertačná práca  |c Elena Zacharová ; ved. práce Juraj Lipták 
264 1 |a Bratislava  |c 1979 
300 |a 190 s. 
100 1 |a Zacharová, Elena 
700 1 |a Lipták, Juraj 
710 2 |a Vysoká škola ekonomická v Bratislave. Národohospodárska fakulta